Library of the University of Algiers 3
Ibrahim Sultan Cheibout
شعار جامعة الجزائر 3
مكتبة جامعة الجزائر 3
إبراهيم سلطان شيبوط

التكشيف والمكانز والمستخلصات بين الأعمال الفنية والأوعية المرجعية والخدمات المعلوماتية المعاصرة / (رقم التسجيلة. 44352)

تفاصيل مارك
000 -LEADER
fixed length control field 01366nam a2200241Ia 4500
003 - CONTROL NUMBER IDENTIFIER
control field Ost
005 - DATE AND TIME OF LATEST TRANSACTION
control field 20260507075408.0
008 - FIXED-LENGTH DATA ELEMENTS--GENERAL INFORMATION
fixed length control field 260507s9999||||xx |||||||||||||| ||und||
020 ## - INTERNATIONAL STANDARD BOOK NUMBER
International Standard Book Number 8245308977
040 ## - CATALOGING SOURCE
Transcribing agency fsecg
041 ## - LANGUAGE CODE
Language code of text/sound track or separate title ara
082 ## - DEWEY DECIMAL CLASSIFICATION NUMBER
Classification number 0
100 ## - MAIN ENTRY--PERSONAL NAME
Personal name شريف، محمد عبد الجواد
Relator term مؤلف
245 #0 - TITLE STATEMENT
Title التكشيف والمكانز والمستخلصات بين الأعمال الفنية والأوعية المرجعية والخدمات المعلوماتية المعاصرة /
Statement of responsibility, etc. محمد عبد الجواد شريف
260 ## - PUBLICATION, DISTRIBUTION, ETC.
Place of publication, distribution, etc. الإسكندرية:
Name of publisher, distributor, etc. العلم والإيمان للنشر والتوزيع,
Date of publication, distribution, etc. 2008
300 ## - PHYSICAL DESCRIPTION
Extent 190 صفحة؛
Other physical details إيضاحات ؛
Dimensions 25 سم
504 ## - BIBLIOGRAPHY, ETC. NOTE
Bibliography, etc. note المراجع ص.186
520 ## - SUMMARY, ETC.
Summary, etc. يضم التكشيف:مفهومه وتاريخه عند العرب والمسلمين، التكشيف كأحد العمليات الفنية، الكشافات كأحد الأوعية المرجعية العامة، نظم التكشيف وأدواته، المكانز ولغة التكشيف، المستخلصات، التكشيف والمكانز والمستخلصات بين الأعمال الفنية والأوعية والخدمات المكتبية
653 ## - INDEX TERM--UNCONTROLLED
Uncontrolled term التكشيف
653 ## - INDEX TERM--UNCONTROLLED
Uncontrolled term تكشيف وإستخلاص
653 ## - INDEX TERM--UNCONTROLLED
Uncontrolled term علم المكتبات
942 ## - ADDED ENTRY ELEMENTS (KOHA)
Koha item type كتب
المقتنيات
Withdrawn status Lost status Source of classification or shelving scheme Damaged status Not for loan Home library Current library Date acquired Serial enumeration / chronology Inventory number Total checkouts Full call number Barcode Date last seen Price effective from Koha item type
    Dewey Decimal Classification   NOT LOAN / إعارة داخلية مكتبة كلية العلوم الإقتصادية والعلوم التجارية وعلوم التسيير مكتبة كلية العلوم الإقتصادية والعلوم التجارية وعلوم التسيير 07/05/2026 الطابق الأرضي 26798   أ/4415ن1 26798 07/05/2026 07/05/2026 كتب
    Dewey Decimal Classification   Available مكتبة كلية العلوم الإقتصادية والعلوم التجارية وعلوم التسيير مكتبة كلية العلوم الإقتصادية والعلوم التجارية وعلوم التسيير 07/05/2026 الطابق الأرضي 26799   أ/4415ن2 26799 07/05/2026 07/05/2026 كتب
    Dewey Decimal Classification   Available مكتبة كلية العلوم الإقتصادية والعلوم التجارية وعلوم التسيير مكتبة كلية العلوم الإقتصادية والعلوم التجارية وعلوم التسيير 07/05/2026 الطابق الثاني 26800   أ/4415ن3 26800 07/05/2026 07/05/2026 كتب

موارد الويب المفتوحة


© University of Algiers 3 All Rights Reserved
|
Implemented by LECHELAH Riad